[Event "CRO Topla Voda Cup"]
[Site "Tuhovec"]
[Date "2022.08.06"]
[Round "5.4"]
[White "Gladovic, Marko"]
[Black "Bockaj, Ivan"]
[Result "0-1"]
[WhiteElo "1248"]
[BlackElo "1841"]
[PlyCount "64"]
[EventDate "2022.08.06"]
[EventType "team-tourn (blitz)"]
[EventRounds "11"]
[EventCountry "CRO"]
[SourceTitle "CBM 209 Extra"]
[Source "ChessBase"]
[SourceDate "2022.09.30"]
[SourceVersion "1"]
[SourceVersionDate "2022.09.30"]
[SourceQuality "1"]
[WhiteTeam "Ivanec"]
[BlackTeam "Mace Gaj CC"]
[WhiteTeamCountry "CRO"]
[BlackTeamCountry "CRO"]

1. d4 d5 2. c4 c6 3. Nc3 Nf6 4. Nf3 a6 5. Bf4 Nbd7 6. cxd5 cxd5 7. Qc2 Nh5 8. Nxd5 Qa5+ 9. Nc3 Nxf4 10. e3 Nd5 11. Rc1 Nxc3 12. Qxc3 Qxc3+ 13. Rxc3 e6 14. Bd3 Bb4 15. 0-0 Bxc3 16. bxc3 0-0 17. Ng5 Nf6 18. Rb1 h6 19. Nf3 b5 20. Ne5 Bb7 21. a4 Be4 22. Bxe4 Nxe4 23. Nd7 Rfd8 24. Nb6 Rab8 25. axb5 Rxb6 26. c4 Nd2 27. Rc1 Nxc4 28. Rxc4 axb5 29. Rb4 Rc8 30. f3 Rc4 31. Rb3 b4 32. f4 Rc3 0-1

[Event "CRO Topla Voda Cup"]
[Site "Tuhovec"]
[Date "2022.08.06"]
[Round "3.4"]
[White "Gladovic, Marko"]
[Black "Husajina, Nikola"]
[Result "1-0"]
[WhiteElo "1248"]
[BlackElo "1749"]
[PlyCount "59"]
[EventDate "2022.08.06"]
[EventType "team-tourn (blitz)"]
[EventRounds "11"]
[EventCountry "CRO"]
[SourceTitle "CBM 209 Extra"]
[Source "ChessBase"]
[SourceDate "2022.09.30"]
[SourceVersion "1"]
[SourceVersionDate "2022.09.30"]
[SourceQuality "1"]
[WhiteTeam "Ivanec"]
[BlackTeam "Strigova Stridon II"]
[WhiteTeamCountry "CRO"]
[BlackTeamCountry "CRO"]

1. d4 d5 2. c4 Nc6 3. Nf3 Bg4 4. Nc3 Nf6 5. Bf4 e6 6. c5 Be7 7. Nb5 Rc8 8. Qa4 a6 9. Na7 0-0 10. Nxc8 Qxc8 11. e3 Nb8 12. Be2 Nh5 13. h3 Nxf4 14. hxg4 Nxe2 15. Qc2 g6 16. Qxe2 b6 17. cxb6 Bb4+ 18. Kf1 cxb6 19. Ng5 Be7 20. Nf3 Kg7 21. Nd2 Nd7 22. Nb3 Nf6 23. Rc1 Qb7 24. Qf3 Ne4 25. Qf4 Bg5 26. Qh2 h6 27. f4 Rc8 28. fxg5 Rxc1+ 29. Nxc1 Qc7 30. Qxh6+ 1-0